01021nam a2200229 a 4500001000900000005001700009008004100026041000800067044000700075050002200082245025100104260011600355300004800471500001100519504003100530610006500561650002900626700002800655700002100683700003600704710005100740BRL_157520190320211254.0180314s1995----be-ao#####---#000-0#fre-# afre abe 4aGT4848b.P53 199510aPlanète des masquesboeuvres majeures de la Communauté francaise de Belgique et du Musée international du Carnaval et du Masque- Binchecsous la direction de Marie-France Willaimez et de Michel Revelard ; préface de Claude Lévi-Strauss. aBelgiquebDirection Générale de la Culture et de la Communication, Communauté francaise de Belgiquec1995 a197 p.bil., fotogrfías (a color)c30 cm. aAu1784 aBibliografía: p. 158-16024aMusée International du Carnaval et du MasquevExposiciones14aMáscarasvExposiciones1 aWillaumez, Marie-France1 aRevelard, Michel1 aLévi-Strauss, Claudeepról.2 aMusée International du Carnaval et du Masque